| 000 | 00568cam a2200205ua 4500 | ||
|---|---|---|---|
| 001 | 11486 | ||
| 008 | 191120n ii |||gr||||Z||||||eng | ||
| 020 | _a9781107632097 | ||
| 040 | _cMAIN | ||
| 041 | _aeng | ||
| 082 | _a320.54 | ||
| 100 |
_aE.J.Hobsbawm . , _eAuthor., |
||
| 245 |
_aNations and nationalism since 1780 : _bprogramme,myth,reality / _cBy E.J.Hobsbawm . |
||
| 250 | _a2nd. | ||
| 260 |
_aNew Delhi: _bCambridge University press, _c1992. |
||
| 300 | _a206p. | ||
| 653 | _aConstitutional & administrative law | ||
| 653 | _aHuman rights | ||
| 942 | _cBK | ||
| 999 |
_c10316 _d10316 |
||